Fußball: Rekordnationalspieler Österreich - Statistiken

Allgemein
  • Dieses Quiz wurde 474 mal gespielt
    313 seit der letzten Aktualisierung
  • Das Durchschnittsergebnis liegt bei 9 aus 20
Antwortstatistiken
Jahr des Debüt Spiele Tore Spieler % Korrekt
2009 105 15 David Alaba
98%
2008 112 36 Marko Arnautovic
93%
1982 95 44 Toni Polster
78%
1973 69 34 Hans Krankl
74%
1988 103 26 Andreas Herzog
64%
2009 100 2 Aleksandar Dragovic
60%
1974 83 10 Herbert Prohaska
60%
2012 78 18 Marcel Sabitzer
48%
2006 70 28 Marc Janko
42%
2009 84 1 Julian Baumgartlinger
40%
2007 68 15 Martin Harnik
37%
2013 67 4 Martin Hinteregger
37%
2007 73 4 Sebastian Prödl
37%
2006 78 1 Christian Fuchs
36%
2003 69 12 Andreas Ivanschitz
30%
1975 84 9 Bruno Pezzey
19%
1970 82 0 Friedrich Koncilia
13%
1948 93 12 Gerhard Hanappi
13%
1976 69 1 Heribert Weber
11%
1952 86 5 Karl Koller
6%
Keine übereinstimmenden Quizze gefunden
Verteilung der Resultate
Anzahl Personen mit jedem Resultat
Perzentil nach korrekt beantworteten Fragen
Ihre Resultats-Entwicklung
Sie haben dieses Quiz seit der letzten Aktualisierung nicht gespielt